LEADER 06050nas1 2200889 i 450 001 SBL0490274 005 20251003044355.0 020 $aIT$b1952 710 035 $a(OCoLC)955812546 090 $a205036 100 $a20161230b19511963||||0itac50 ba 101 | $aita 102 $ait 110 $aa|u|||||||| 181 1$6z01$ai $bxxxe 182 1$6z01$an 183 1$6z01$anc$2RDAcarrier 200 1 $aDocumenti di vita italiana 205 $aEd. italiana 207 0$aA. 1, v. 1, n. 1 (dic. 1951)-a. 13, n. 145 (dic. 1963) 210 $aRoma$cCentro di documentazione della Presidenza del consiglio dei ministri della Repubblica italiana$d1951-1963 215 $a20 cm 300 $aMensile 300 $aPresidenza del consiglio dei ministri-Servizio delle informazioni e della proprieta letteraria, da a. 6, n. 54 (mag. 1956) 300 $aNumeraz. per volume fino ad a. 3, vol. 16, n. 19 (giu. 1953) 300 $aIndici annuali nell'ultimo fasc. di ogni annata 300 $aCon supplementi. 421 1$1001IEI0023769$12001 $aTrieste nella sua realtà 421 1$1001IEI0038367$12001 $aˆIl ‰programma del Governo nelle dichiarazioni del Presidente del Consiglio on. Mario Scelba alla Camera e al Senato$e18 e 26 febbraio-10 marzo 1954 421 1$1001IEI0039531$12001 $aNel decimo anniversario della NATO$e1949-1959 421 1$1001IEI0125228$12001 $aDiscorso programmatico pronunciato al Parlamento il 9 luglio 1958$fAmintore Fanfani 421 1$1001LO10262497$12001 $aCento anni di economia italiana$ftesto a cura di Mario Ferrari Aggradi 421 1$1001LO10355324$12001 $aˆI ‰primi sei mesi del ministero Scelba nei comunicati del Consiglio dei ministri, 11 febbraio 1954-23 agosto 1954$fCentro di documentazione della Presidenza del Consiglio dei ministri della Repubblica italiana 421 1$1001LO10357234$12001 $aˆLe ‰elezioni amministrative$e27 maggio 1956 421 1$1001NAP0059689$12001 $aAl popolo americano, al Parlamento canadese, alle Nazioni Unite$e26 febbraio-15 marzo 1956$fGiovanni Gronchi 421 1$1001RAV1313680$12001 $aˆLa ‰3. legislatura$eleggi in corso di pubblicazione alla data del 2 marzo 1963 421 1$1001RAV1316108$12001 $aˆI ‰comunicati del Consiglio dei ministri$e1. quadrimestre 1956$fCentro di documentazione della Presidenza del Consiglio dei ministri 421 1$1001RAV1316140$12001 $aˆI ‰comunicati del Consiglio dei ministri$e2. semestre 1955$fCentro di documentazione della Presidenza del Consiglio 421 1$1001TO01557629$12001 $aParlamento, Presidenza della Repubblica, Governo$f[a cura dei Servizi per le informazioni e la proprietà intellettuale della Presidenza del Consiglio dei ministri] 440 1 $1001RAV0008993$12001 $aVita italiana. Documenti e informazioni$fPresidenza del Consiglio dei ministri, Servizio delle informazioni e della proprietà letteraria 463 1$1001CAG0062212$12001 $aˆI ‰comunicati del Consiglio dei ministri del ministero Scelba dal 21 settembre 1954 al 22 giugno 1955$fCentro di documentazione della presidenza del Consiglio dei ministri della Repubblica italiana$gin appendice I comunicati sugli incontri internazionali 463 1$1001IEI0234368$12000 $a2$fCentro di documentazione della Presidenza del Consiglio dei ministri della Repubblica italiana 463 1$1001LO10499023$12001 $aˆLa ‰rinascita dell'Italia$e1945-1952$f[presentazione Alcide De Gasperi]$v14-15/1953 463 1$1001UBO2579579$12001 $aˆLa ‰3. legislatura (1958-1963)$eparlamento, governi e dati economici$v136 (1963) 606 $aItalia$xAmministrazione pubblica$xPeriodici$2FIR$3CFIC077352$9I 606 $aItalia$xPolitica economica$xPeriodici$2FIR$3SBLC019786$9E 606 $aITALIA$xCondizioni economiche e sociali$xPeriodici$2FIR$3VEAC008618$9I 676 $a320.445$9STRUTTURA, FUNZIONI, ATTIVITA DEL GOVERNO. Italia$v19 676 $a320.445$9STRUTTURA E FUNZIONI DEL GOVERNO. ITALIA$v20 676 $a320.945$9Situazione e condizioni politiche. Storia, geografia, persone. Italia$v22 676 $a351.45005$9AMMINISTRAZIONE PUBBLICA. ITALIA. PUBBLICAZIONI IN SERIE$v21 696 $aPubblica amministrazione$aOrgani della pubblica amministrazione$aOrgani ordinari$aPubblicazioni periodiche$aRiviste 696 $aPubblicazioni periodiche$aRiviste 696 $aPubblicazioni periodiche$aRiviste 699 $aAmministrazione pubblica$yPubblica amministrazione 699 $aAmministrazione pubblica$yOrgani della pubblica amministrazione 699 $aAmministrazione pubblica$zOrgani ordinari 699 $aPeriodici$yPubblicazioni periodiche 699 $aPeriodici$yRiviste 699 $aPeriodici$yPubblicazioni periodiche 699 $aPeriodici$yRiviste 699 $aPeriodici$yPubblicazioni periodiche 699 $aPeriodici$yRiviste 801 3$aIT$bIT-000000$c20161230 850 $aIT-NA0311 $aIT-NA0079 $aIT-NA0059 $aIT-AV0045 $aIT-NA0226 $aIT-NA0660 $aIT-NA0097 901 $bNAP MV$cG $nDEPOSITO LIBRARIO PERIODICI SALA G 901 $bNAP BN$cPER.ITAL. $nFondo librario esculso dal servizio di prestito. La consultazione dei documenti avviene presso la Sezione Periodici 901 $bNAP NC$cSOPPALCO $nSezione riservata alle monografie e periodici appartenenti al nucleo più antico della Biblioteca 901 $bNAP BE$cBIBLIOTECA$n$ 901 $bNAP CF$cDIRITTO $n$ 901 $bNAP PC$cSTORIA $nRaccoglie documenti di carattere storico ordinati per stati 901 $bNAP SP$cGALASSO $nFondo donato da Giuseppe Galasso 912 $aSBL0490274 967 $m3 977 $a 01$a 07$a 27$a 42$a 47$a 49$a 63$a 67$a 72$a 73$a 95$a AC$a AE$a AG$a AH$a AN$a AR$a AV$a BE$a BG$a BN$a BU$a CE$a CF$a CM$a CN$a CP$a CV$a DA$a DV$a GC$a GE$a GI$a GV$a IR$a LI$a ME$a MG$a MV$a NC$a NE$a PB$a PC$a SB$a SD$a SE$a SP$a TU 996 $aDocumenti di vita italiana$9797826 997 $aUNISANNIO